Inventari de l'Arxiu Municipal de Santa Eugènia / redacció: Margalida Perelló Ferrer ; coordinació: Isabel Garau Llompart Margalida Perelló Ferrer ; coordinació:
ISBN:
84-87389-17-1
Publicado:
Palma :
Consell de Mallorca, Servei d'Arxius, Biblioteques i Museus : Ajuntament de Santa Eugènia ,
2000
Descripción Física:
121 p. ; 22 cm
MARC
| LEADER | 00000nam a2200000Ia 4500 | ||
|---|---|---|---|
| 001 | 13153 | ||
| 003 | BGR | ||
| 005 | 20260324175322.0 | ||
| 008 | 160829s2000 xx 000 0 cat d | ||
| 020 | |a 84-87389-17-1 | ||
| 080 | |a A-2-113 | ||
| 110 | 1 | |9 70424 |a Arxiu Municipal de Santa Eugènia | |
| 245 | |a Inventari de l'Arxiu Municipal de Santa Eugènia / redacció: |b Margalida Perelló Ferrer ; coordinació: |b Isabel Garau Llompart | ||
| 260 | |a Palma : |b Consell de Mallorca, Servei d'Arxius, Biblioteques i Museus : |b Ajuntament de Santa Eugènia, |c 2000 | ||
| 300 | |a 121 p. ; |c 22 cm | ||
| 490 | |a Publicacions del Consell de Mallorca. Sèrie Arxius : Instruments de Descripció Documental ; 14 | ||
| 650 | |a Arxiu Municipal de Santa Eugènia |x Catàlegs |9 26757 | ||
| 650 | |a Arxius municipals |x Mallorca |x Catàlegs |9 19680 | ||
| 700 | |a Perelló Ferrer, Margalida |9 26758 |e autor | ||
| 700 | 1 | |a Garau Llompart, Isabel |e coordinador |9 19681 | |
| 710 | 1 | |a Santa Eugènia (Illes Balears). |b Ajuntament |9 55485 | |
| 710 | 1 | |a Mallorca (Illes Balears). |b Servei d'Arxius, Biblioteques i Museus |9 56481 | |
| 901 | |a Arxiu | ||
| 942 | |n 1 |2 udc |c MON | ||
| 952 | |0 0 |1 0 |4 0 |6 A2113 |7 1 |9 44124 |a Arxiu |b Arxiu |d 2016-12-01 |l 0 |o A-2-113 |p 13153 |r 2016-12-01 00:00:00 |w 2016-12-01 |y ARXIU | ||
| 999 | |c 46704 |d 46704 | ||